Fundamental accounting principles / (Record no. 27225)
[ view plain ]
| 000 -LEADER | |
|---|---|
| fixed length control field | 01899cam a22002895a 4500 |
| 001 - CONTROL NUMBER | |
| control field | 17382998 |
| 005 - DATE AND TIME OF LATEST TRANSACTION | |
| control field | 20190310160443.0 |
| 008 - FIXED-LENGTH DATA ELEMENTS--GENERAL INFORMATION | |
| fixed length control field | 120712s2017 enka fr 001 0 eng d |
| 010 ## - LIBRARY OF CONGRESS CONTROL NUMBER | |
| LC control number | 2012027838 |
| 020 ## - INTERNATIONAL STANDARD BOOK NUMBER | |
| International Standard Book Number | 9780077164393 |
| 020 ## - INTERNATIONAL STANDARD BOOK NUMBER | |
| International Standard Book Number | 0077164393 |
| 040 ## - CATALOGING SOURCE | |
| Original cataloging agency | DLC |
| Language of cataloging | eng |
| Transcribing agency | DLC |
| Modifying agency | DLC |
| -- | EG-ScBUE |
| 042 ## - AUTHENTICATION CODE | |
| Authentication code | pcc |
| 082 04 - DEWEY DECIMAL CLASSIFICATION NUMBER | |
| Classification number | 657 |
| Item number | FUN |
| Edition number | 22 |
| 245 10 - TITLE STATEMENT | |
| Title | Fundamental accounting principles / |
| Statement of responsibility, etc | John J. Wild... [et al.]. |
| 250 ## - EDITION STATEMENT | |
| Edition statement | 2nd ed., Middle East ed. |
| 260 ## - PUBLICATION, DISTRIBUTION, ETC. (IMPRINT) | |
| Place of publication, distribution, etc | London : |
| Name of publisher, distributor, etc | Mc-Graw-Hill Education, |
| Date of publication, distribution, etc | 2017. |
| 300 ## - PHYSICAL DESCRIPTION | |
| Extent | 1 v. (various pagings) : |
| Other physical details | ill. (col.) ; |
| Dimensions | 29 cm. |
| 500 ## - GENERAL NOTE | |
| General note | Includes index. |
| 520 ## - SUMMARY, ETC. | |
| Summary, etc | The new Middle East Edition of Fundamental Accounting Principles draws on six decades of the history and experience of this well-established US text and continues with its proven CAP(conceptual, analytical, practice) model along with the entrepreneurial and decision-making approach. This is reflected in the text’s extensive use of small business examples, the integration of computerised learning tools,superior end-of-chapter material using real companies’s financial information,and highly engaging pedagogical design<br/>- Key features of the new edition:<br/>*New opening vignettes featuring start-ups from Egypt, Lebanon, UAE, Oman, and other Middle East countries.<br/>*Updated End-of-Chapter problems and exercises.<br/>*Updated assignments in Beyond the Numbers section with real financial statements data from companies like Telecom Egypt and Etisalat.<br/>*NEW regional examples of payroll accounting introduced in Chapter 11.<br/>*Updated coverage of investments in Chapter 15.<br/>*A focus on financial accounting makes this a slimmer text with 17 chapters focusing on core financial accounting topics only. |
| 650 #7 - SUBJECT ADDED ENTRY--TOPICAL TERM | |
| Topical term or geographic name as entry element | Accounting. |
| Source of heading or term | BUEsh |
| 651 ## - SUBJECT ADDED ENTRY--GEOGRAPHIC NAME | |
| Source of heading or term | BUEsh |
| 653 ## - INDEX TERM--UNCONTROLLED | |
| Resource For college | BAEPS, Business Administration |
| Arrived date list | March2019 |
| 655 ## - INDEX TERM--GENRE/FORM | |
| Form subdivision | Text book |
| 700 1# - ADDED ENTRY--PERSONAL NAME | |
| Personal name | Wild, John J. |
| 942 ## - ADDED ENTRY ELEMENTS (KOHA) | |
| Source of classification or shelving scheme | Dewey Decimal Classification |
| Withdrawn status | Item status | Source of classification or shelving scheme | Damaged status | Not for loan | Vendor | Home library | Current library | Shelving location | Date acquired | Source of acquisition | Cost, normal purchase price | Total Checkouts | Full call number | Barcode | Date last seen | Cost, replacement price | Koha item type | Total Renewals | Date last borrowed |
|---|---|---|---|---|---|---|---|---|---|---|---|---|---|---|---|---|---|---|---|
| Dewey Decimal Classification | Baccah | Central Library | Central Library | First floor | 10/03/2019 | Purchase | 550.00 | 657 FUN | 000044355 | 15/07/2025 | 687.50 | NB - Book (Non borrowing) | |||||||
| Dewey Decimal Classification | Baccah | Central Library | Central Library | First floor | 10/03/2019 | Purchase | 550.00 | 657 FUN | 000044356 | 15/07/2025 | 687.50 | NB - Book (Non borrowing) | |||||||
| Dewey Decimal Classification | Baccah | Central Library | Central Library | First floor | 10/03/2019 | Purchase | 3 | 657 FUN | 000044357 | 15/07/2025 | Book - Borrowing | 5 | 08/04/2025 | ||||||
| Dewey Decimal Classification | Baccah | Central Library | Central Library | First floor | 10/03/2019 | Purchase | 2 | 657 FUN | 000044358 | 15/07/2025 | Book - Borrowing | 20 | 19/12/2023 | ||||||
| Dewey Decimal Classification | Baccah | Central Library | Central Library | First floor | 10/03/2019 | Purchase | 5 | 657 FUN | 000044359 | 15/07/2025 | Book - Borrowing | 13 | 08/04/2025 |